|
|
|
|
| LEADER |
00000nam a2200000 a 4500 |
| 001 |
vtls001380806 |
| 003 |
SK-MaSNL |
| 005 |
20260301161356.0 |
| 008 |
251113s1999 xo a r y slo |
| 015 |
|
|
|a SNBI2000/02-00263
|
| 020 |
|
|
|a 8088813255
|
| 035 |
|
|
|a SNK000334805
|
| 035 |
|
|
|a urn:nbn:sk:snk-amkkjm
|
| 035 |
|
|
|a urn:nbn:sk:snk-am003b4g
|
| 035 |
|
|
|a 2EB707D7-DCDB-45F7-B17C-D0DAC500297F
|
| 040 |
|
|
|a SNK
|b slo
|c SNK
|e AACR2
|
| 041 |
0 |
|
|a slo
|
| 044 |
|
|
|a xo
|c SK
|
| 080 |
|
|
|a 657.11/.12:331.2:368.4(083.133)
|2 1981
|
| 080 |
|
|
|a 331.2
|2 1981
|
| 080 |
|
|
|a 368.4
|2 1981
|
| 100 |
1 |
|
|a Mačuha, Miroslav
|4 aut
|9 8892
|
| 245 |
1 |
0 |
|a Čo má vedieť mzdová účtovníčka-
|b o odmeňovaní a mzdových nárokoch zamestnancov : o zisťovaní a používaní priemerného a pravdepodobného zárobku : o štátnych sociálnych dávkach : o minimálnej mzde platnej od 1.4.1999 -
|c Miroslav Mačuha, Ján Matlák
|
| 260 |
|
|
|a Žilina
|b Ajfa+avis
|c 1999
|
| 300 |
|
|
|a 183 s.
|b rekl.
|c 21 cm
|
| 490 |
1 |
|
|a Praktické príručky pre podniky a podnikateľov
|v ročník 7.
|v 2/1999
|
| 650 |
0 |
7 |
|a účtovníctvo
|2 SNKPH
|9 649
|
| 650 |
0 |
7 |
|a mzdy
|2 SNKPH
|9 2316
|
| 650 |
0 |
7 |
|a pracovnoprávne vzťahy
|2 SNKPH
|9 2338
|
| 650 |
0 |
7 |
|a sociálne dávky
|2 SNKPH
|9 2157
|
| 655 |
|
7 |
|a pokyny
|2 SNKPH
|9 70685
|
| 655 |
|
7 |
|a príručky
|2 SNKPH
|9 74364
|
| 700 |
1 |
|
|a Matlák, Ján,
|d 1950-
|4 aut
|9 201803
|
| 830 |
|
0 |
|a Praktické príručky pre podniky a podnikateľov
|9 281021
|
| 919 |
|
|
|a 80-88813-25-5
|
| 958 |
|
|
|a OND
|
| 958 |
|
|
|a TL
|
| 999 |
|
|
|c 809191
|d 811121
|
| 952 |
|
|
|t P60, <03>, [BOOK], {603}
|a SNK
|b SNK
|y PREZ
|7 0
|p 17A0224385
|o snkSC 100538
|i snkKSP 517/2000
|0 0
|1 0
|4 0
|d 2000-01-14
|f 1
|l 0
|r 2025-09-19 00:00:00
|w 2026-02-24
|
| 952 |
|
|
|t P60, <04>, [BOOK], {604}
|a SNK
|b SNK
|y VYP
|7 0
|p 17A0224386
|o snkSC 100538 D1
|i snkKSP 518/2000
|0 0
|1 0
|4 0
|d 2000-01-14
|l 0
|r 2005-01-02 00:00:00
|w 2026-02-24
|